Využitie indexnej analýzy pri hodnotení produktivity práce na Slovensku podľa OKEČ bakalárska práca

Salvato in:
Dettagli Bibliografici
Autore principale: Kováčová, Lenka
Ente Autore: Fakulta hospodárskej informatiky EU. Katedra štatistiky
Altri autori: Bolgáč, Ján, 1959-
Natura: Libro
Lingua:slovacco
Pubblicazione: Bratislava 2009
Tags: Aggiungi Tag
Nessun Tag, puoi essere il primo ad aggiungerne!!

MARC

LEADER 00000nam$a2200000$$$4500
001 0103789
005 20240319125203.2
041 0 |a slo 
044 |a SK 
245 1 0 |a Využitie indexnej analýzy pri hodnotení produktivity práce na Slovensku podľa OKEČ  |b bakalárska práca  |c Lenka Kováčová ; škol. Ján Bolgáč 
264 1 |a Bratislava  |c 2009 
300 |a 30 s. 
100 1 |a Kováčová, Lenka 
700 1 |a Bolgáč, Ján, 1959- 
710 2 |a Fakulta hospodárskej informatiky EU. Katedra štatistiky